Statistics for Powers of 2 - Math

Click here to take the quiz!

General Stats

  • This quiz has been taken 146 times
  • The average score is 10 of 15

Answer Stats

Power of Answer % Correct
24
100%
12
98%
38
87%
416
80%
532
78%
664
74%
7128
73%
8256
68%
9512
66%
101024
64%
112048
56%
124096
49%
138192
36%
1416384
25%
1532768
16%

Score Distribution

Percentile by Number Answered

Percent of People with Each Score

Your Score History

You have not taken this quiz